000 00296nam a22001337a 4500
008 180924b xxu||||| |||| 00| 0 eng d
020 _a0874884195
041 _aeng
080 _a610
100 _a4
101 _aSHM
245 _aClinical Nuclear Medicine Imaging
_cMatin,P
942 _2udc
_cBK
999 _c48316
_d48316